| 000 | 00535nam a2200193 a 4500 | ||
|---|---|---|---|
| 001 | 1768801201875 | ||
| 003 | YourLibrary | ||
| 005 | 20260119111119.0 | ||
| 008 | 260119s2008##################000#0#eng## | ||
| 020 | _a9788184482010 | ||
| 082 | 0 | 4 |
_a618.92804 _bGUP |
| 100 | 1 |
_aGupte, Suraj, _eauthor. |
|
| 245 | 1 | 0 | _aRecent Advances in Pediatrics - 18 : |
| 260 |
_bJaypee Brothers,Medical Publishers Pvt. Limited, _c2008. |
||
| 300 | _a596 pages | ||
| 650 | 0 | _aMedical. | |
| 942 | _cENGLISH | ||
| 040 |
_aYourLibrary _beng _cYourLibrary |
||
| 999 |
_c608538 _d608538 |
||